| Tag |
First Indicator |
Second Indicator |
Subfields |
| LEADER |
00000cam a2200000 a 4500 |
| 001 |
in00001504021 |
| 005 |
20151021081214.0 |
| 008 |
941121s1994 fi ab b 001 0deng c |
| 010 |
|
|
|a 95109322
|
| 020 |
|
|
|a 9519529527
|
| 035 |
|
|
|a (OCoLC)31494768
|
| 035 |
|
|
|9 AJJ2710AM
|
| 040 |
|
|
|a ICU
|c CGU
|d DLC
|d TXA
|d UtOrBLW
|
| 042 |
|
|
|a lcnccp
|
| 043 |
|
|
|a e-gr---
|
| 049 |
|
|
|a TXAM
|
| 050 |
0 |
0 |
|a DF275
|b .P73 1994
|
| 082 |
0 |
0 |
|a 949.5/1201
|2 20
|
| 245 |
0 |
0 |
|a Post-Herulian Athens :
|b aspects of life and culture in Athens, A.D. 267-529 /
|c edited by Paavo Castrén.
|
| 264 |
|
1 |
|a Helsinki :
|b Suomen Ateenan-instituutin säätiö,
|c 1994.
|
| 300 |
|
|
|a xi, 192 pages :
|b illustrations, maps ;
|c 25 cm.
|
| 336 |
|
|
|a text
|b txt
|2 rdacontent
|
| 337 |
|
|
|a unmediated
|b n
|2 rdamedia
|
| 338 |
|
|
|a volume
|b nc
|2 rdacarrier
|
| 490 |
1 |
|
|a Papers and monographs of the Finnish Institute at Athens,
|v v. 1
|
| 504 |
|
|
|a Includes bibliographical references (pages [161]-180) and index.
|
| 651 |
|
0 |
|a Athens (Greece)
|x Civilization
|x Sources.
|
| 651 |
|
0 |
|a Greece
|x History
|y 323-1453
|x Sources.
|
| 700 |
1 |
|
|a Castrén, Paavo,
|d 1938-
|
| 830 |
|
0 |
|a Papers and monographs of the Finnish Institute at Athens ;
|v v. 1.
|
| 948 |
|
|
|a c:jls
|
| 999 |
|
|
|a MARS
|
| 999 |
f |
f |
|s 6cd1d87f-2795-3950-89ea-442258fc0341
|i 6a9ccabd-0fe0-31a4-ad66-16219b39a05a
|t 0
|
| 952 |
f |
f |
|p noncirc
|a Texas A&M University
|b College Station
|c Sterling C. Evans Library
|d Bodrum (located in Turkey)
|t 0
|e DF275 .P73 1994
|h Library of Congress classification
|i unmediated -- volume
|
| 998 |
f |
f |
|a DF275 .P73 1994
|t 0
|l Bodrum (located in Turkey)
|